| 000 -LEADER |
| fixed length control field |
01960nam a2200385 i 4500 |
| 003 - CONTROL NUMBER IDENTIFIER |
| control field |
OSt |
| 005 - DATE AND TIME OF LATEST TRANSACTION |
| control field |
20230818154148.0 |
| 008 - FIXED-LENGTH DATA ELEMENTS--GENERAL INFORMATION |
| fixed length control field |
180622s2008 enka e 000 1 eng d |
| 020 ## - INTERNATIONAL STANDARD BOOK NUMBER |
| International Standard Book Number |
9780194790802 |
| 040 ## - CATALOGING SOURCE |
| Original cataloging agency |
CaNSH |
| Language of cataloging |
eng |
| Transcribing agency |
CaNSH |
| Modifying agency |
CaOL |
| -- |
KH8 |
| Description conventions |
rda |
| 082 ## - DEWEY DECIMAL CLASSIFICATION NUMBER |
| Classification number |
823.912 LAW |
| 100 1# - MAIN ENTRY--PERSONAL NAME |
| Personal name |
Lawrence, David Herbert, |
| Relator term |
author. |
| 245 10 - TITLE STATEMENT |
| Title |
Love among the haystacks / |
| Statement of responsibility, etc. |
D.H. Lawrence ; retold by Jennifer Bassett ; illustrated by Bob Harvey. |
| 250 ## - EDITION STATEMENT |
| Edition statement |
Simplified edition. |
| 264 #1 - PRODUCTION, PUBLICATION, DISTRIBUTION, MANUFACTURE, AND COPYRIGHT NOTICE |
| Place of production, publication, distribution, manufacture |
Oxford, [England] : |
| Name of producer, publisher, distributor, manufacturer |
Oxford University Press, |
| Date of production, publication, distribution, manufacture, or copyright notice |
[2008] |
| 264 #4 - PRODUCTION, PUBLICATION, DISTRIBUTION, MANUFACTURE, AND COPYRIGHT NOTICE |
| Date of production, publication, distribution, manufacture, or copyright notice |
©2008. |
| 300 ## - PHYSICAL DESCRIPTION |
| Extent |
56 pages : |
| Other physical details |
illustrations ; |
| Dimensions |
20 cm. |
| 336 ## - CONTENT TYPE |
| Content type term |
text |
| Source |
rdacontent. |
| 337 ## - MEDIA TYPE |
| Media type term |
unmediated |
| Source |
rdamedia. |
| 338 ## - CARRIER TYPE |
| Carrier type term |
volume |
| Source |
rdacarrier. |
| 490 1# - SERIES STATEMENT |
| Series statement |
Oxford bookworms library, Classics, Stage 2 |
| 500 ## - GENERAL NOTE |
| General note |
Included in the reader: story and activities. |
| 505 0# - FORMATTED CONTENTS NOTE |
| Formatted contents note |
Two brothers -- The German girl -- The tramp and the woman -- At night in the hayfield -- A meeting in the dark -- Breakfast in the hayfield. |
| 520 ## - SUMMARY, ETC. |
| Summary, etc. |
"It is hay-making time on the Wookey farm. Two brothers are building the haystack, but thinking about other things... about young women, and love. There are angry words, and then a fight between the brothers. But the work goes on, visitors come and go, and the long hot summer day slowly turns to evening. Then the sun goes down, covering the world with a carpet of darkness. From the hedges around the hayfield comes the rich, sweet smell of wild flowers, and the hay will make a fine, soft bed ..."--Back cover. |
| 650 #0 - SUBJECT ADDED ENTRY--TOPICAL TERM |
| Topical term or geographic name entry element |
Reading comprehension |
| Form subdivision |
Problems, exercises, etc. |
| 650 #0 - SUBJECT ADDED ENTRY--TOPICAL TERM |
| Topical term or geographic name entry element |
High interest-low vocabulary books. |
| 650 #0 - SUBJECT ADDED ENTRY--TOPICAL TERM |
| Topical term or geographic name entry element |
Readers for new literates. |
| 650 #0 - SUBJECT ADDED ENTRY--TOPICAL TERM |
| Topical term or geographic name entry element |
Readers (Adult) |
| 650 #0 - SUBJECT ADDED ENTRY--TOPICAL TERM |
| Topical term or geographic name entry element |
Farmers |
| Form subdivision |
Fiction. |
| 650 #0 - SUBJECT ADDED ENTRY--TOPICAL TERM |
| Topical term or geographic name entry element |
Brothers |
| Form subdivision |
Fiction. |
| 650 #0 - SUBJECT ADDED ENTRY--TOPICAL TERM |
| Topical term or geographic name entry element |
Historical fiction. |
| Source of heading or term |
genre. |
| 700 1# - ADDED ENTRY--PERSONAL NAME |
| Personal name |
Harvey, Bob, |
| Dates associated with a name |
1947- |
| Relator term |
illustrator. |
| 830 #0 - SERIES ADDED ENTRY--UNIFORM TITLE |
| Uniform title |
Oxford bookworms library. |
| Name of part/section of a work |
Classics. |
| 942 ## - ADDED ENTRY ELEMENTS (KOHA) |
| Source of classification or shelving scheme |
|
| Koha item type |
Teaching Resources |